Spell the Marvel Hero #124 - Statistics

General Stats
  • This quiz has been taken 16 times
  • The average score is 11 of 13
Answer Stats
Picture Answer % Correct
Thor
100%
Captain Britain
92%
Echo
92%
Invisible Woman
92%
Rogue
92%
Spider-Man India
92%
Havok
83%
Scarlet Witch
83%
War Machine
83%
Cable
75%
Luna Snow
75%
Taegukgi
50%
Auntie Ante
42%
No matching quizzes found
Score Distribution
Percent of People with Each Score
Percentile by Number Answered
Your Score History
You have not taken this quiz